00645nam a22001817a 4500003000500000038001800005082000800023100002500031245009400056264003400150300002500184650003700209700004300246856005700289942001200346999001900358952008600377NUST aNusrat Nadeem a200 aAbid, Fizzah9125469 aUnravelling Prognostic Potential of PKC Gamma in Hepatocellular Carcinoma/cFizzah Abid,  aIslamabad;bASAB NUST;c2024. a393,p;bill;c30,cm. aPhD- Applied Biosciences9123210 aSupervisor : Dr. Maria Shabbir9120508 uhttp://10.250.8.41:8080/xmlui/handle/123456789/44600 2ddccSC c611221d611221 00104070aCLbCLcTHEd2024-08-29l0o200pCLPT-641r2024-08-29w2024-08-29ySC